000 00769nam a2200205Ii 4500
003 JO-AjNU
008 230605s9999||||xx |||||||||||||| ||und||
040 _aJO-AjNU
_bara
_erda
_cJO-AjNU
041 _aara
050 1 4 _aHG173.A7.B3484 2008
100 3 _aالبكري، ثامر / م.مشارك احمد الرحومي,
_eauthor
_945168
245 0 0 _aتسويق الخدمات المالية = Financial Services Marketing
250 _aط1
264 3 1 _aالشارقة، عمان: مكتبة الجامعة، اثراء للنشر والتوزيع، 2008
300 _a352ص
336 _atext
_btxt
_2rdacontent
337 _aunmediated
_bn
_2rdamedia
338 _avolume
_bnc
_2rdacarrier
650 4 _aالتسويق - المؤسسات المالية
_945169
999 _aA19559
_c23127
_d23127